| 000 | 01867cam a2200385 a 4500 | ||
|---|---|---|---|
| 001 | 425578 | ||
| 003 | ARRUPE | ||
| 005 | 20211004093611.0 | ||
| 008 | 810508s1981 dcua b f001 0 eng | ||
| 010 | _a 81007928 | ||
| 040 |
_aDLC _cDLC _dDLC |
||
| 043 | _af-et--- | ||
| 050 | 0 | 0 |
_aREF DT378 _b.E83 1993 |
| 082 | 0 | 0 |
_a963/.06 _219 |
| 245 | 0 | 0 |
_aEthiopia, a country study / _cForeign Area Studies, the American University. |
| 250 |
_a3rd ed. / _bedited by Harold D. Nelson and Irving Kaplan. |
||
| 260 |
_aWashington, D.C. : _bFor sale by the Supt. of Docs., U.S. G.P.O., _c1981. |
||
| 300 |
_axxix, 366 p. : _bill., maps ; _c24 cm. |
||
| 440 | 0 |
_aDA pam ; _v550-28 _950201 |
|
| 500 | _aRevision of: Area handbook for Ethiopia / Irving Kaplan, et al. 1971. | ||
| 500 | _a"Research completed August 1980." | ||
| 500 | _aIncludes index. | ||
| 504 | _aBibliography: p. 319-344. | ||
| 505 | 0 | _aHistorical setting / Richard P. Stevens -- The society and its environment / Irving Kaplan -- The economy / Donald P. Whitaker -- Government and politics / Harold D. Nelson -- National security / Robert Rinehart. | |
| 590 | _aContents:-Historical setting / Richard P. Stevens -- The society and its environment / Irving Kaplan -- The economy / Donald P. Whitaker -- Government and politics / Harold D. Nelson -- National security / Robert Rinehart. | ||
| 651 | 0 |
_aEthiopia. _950202 |
|
| 700 | 1 |
_aNelson, Harold D. _950203 |
|
| 700 | 1 |
_aKaplan, Irving, _d1923- _947873 |
|
| 700 | 1 |
_aKaplan, Irving, _d1923- _tArea handbook for Ethiopia. _950204 |
|
| 710 | 2 |
_aAmerican University (Washington, D.C.). _bForeign Area Studies. _947874 |
|
| 710 | 2 |
_aThomas Leiper Kane Collection (Library of Congress. Hebraic Section) _5DLC _924290 |
|
| 906 |
_a7 _bcbc _corignew _d1 _eocip _f19 _gy-gencatlg |
||
| 942 |
_2lcc _cMONOGRAPH |
||
| 999 |
_c130648 _d130648 |
||